000 00930nam a22002777a 4500
001 9673
003 FISKH
005 20260129090458.0
008 260129b cb ||||| |||| 00| 0 eng d
020 _a9780763611286
040 _aFISKH
_beng
_cFISKH
_dFISKH
050 _aPZ7
082 _a373.1
100 _aSamton, Sheila White
_eAuthor
245 _aRosa at the farm /
_cWritten and illustrated by Sheila White Samton
260 _aGuangdong :
_bCandlewick Press ,
_c2001
300 _a8 unnumbered pages :
_bcolor illustrations ;
_c14 x 20 cm
505 _aC
520 _aA duck quacks. Rosa quacks. A cow moos. Rosa moos. When a bird flies, does Rosa fly? Includes advice to help you guide and support your brand-new reader.
521 8 _a50
_bLexile estimate
521 8 _aC
_bRaz-Plus
650 _aAnimals
_vFarm
700 _aSamton, Sheila White
_eIllustrator
942 _2ddc
_cBK
_n0
999 _c9673
_d9673